[Event "Lloyds Bank op"]
[Site "London"]
[Date "1979.??.??"]
[Round "6"]
[White "Rolfe, A."]
[Black "Muir, Andrew J"]
[Result "1/2-1/2"]
[WhiteElo "2200"]
[BlackElo "2200"]

1.e4 c5 2.Nf3 Nc6 3.Nc3 d6 4.d4 cxd4 5.Nxd4 Nf6 6.Be2 g6 7.O-O Bg7 8.Nb3 O-O
9.Bg5 Be6 10.Kh1 Na5 11.f4 Rc8 12.f5 Bc4 13.Bd3 Re8 14.Qe2 a6 15.Rad1 Bxd3
16.Rxd3 Nc4 17.fxg6 hxg6 18.Rdf3 Ne5 19.Rh3 Qc7 20.Qe1 Qc4 21.Nd2 Qb4 22.Rxf6 exf6
23.Nd5 Qxb2 24.Nxf6+ Kf8 25.Nh7+ Kg8  1/2-1/2

[Event "Aaronson Masters"]
[Site "London"]
[Date "1979.??.??"]
[Round "7"]
[White "Janosevic, Dragoljub"]
[Black "Large, Peter G"]
[Result "1-0"]
[WhiteElo "2400"]
[BlackElo "2265"]

1.e4 c5 2.Nc3 Nc6 3.Nf3 d6 4.d4 cxd4 5.Nxd4 Nf6 6.Be2 g6 7.g4 Bg7 8.Nb3 O-O
9.g5 Nd7 10.Be3 b6 11.Nd4 Bb7 12.Rg1 Nc5 13.Nxc6 Bxc3+ 14.bxc3 Bxc6 15.f3 d5
16.e5 Qc7 17.Bd4 Bd7 18.Bd3 Bf5 19.Bxf5 gxf5 20.Rb1 e6 21.h4 Kh8 22.h5 Rg8
23.Qd2 Nb7 24.Kf2 Na5 25.g6 fxg6 26.hxg6 Rxg6 27.Rxg6 hxg6 28.Rh1+ Kg8 29.Rh6 Qg7
30.Qg5 Kf7 31.Qh4 Kg8 32.Be3 Rc8 33.Bg5 Rc4 34.f4 Rc7 35.Bf6 Qh7 36.Qg5 Nc6
37.Rxh7  1-0

[Event "Naleczow"]
[Site "Naleczow"]
[Date "1979.??.??"]
[Round "13"]
[White "Nicevski, Risto"]
[Black "Przewoznik, Jan"]
[Result "1/2-1/2"]
[WhiteElo "2380"]
[BlackElo "2200"]

1.e4 c5 2.Nf3 Nc6 3.Nc3 d6 4.d4 cxd4 5.Nxd4 Nf6 6.Bc4 Qb6 7.Nb3 e6 8.O-O Be7
9.Kh1 O-O 10.Bd3 Qc7 11.f4 a6 12.a4 b6 13.Qe2 Bb7 14.Bd2 Nb4 15.Rfc1 e5 16.a5 Nxd3
17.cxd3 Qd8 18.axb6 Qxb6 19.Na5 Rfb8 20.Nc4 Qd8 21.fxe5 dxe5 22.Nxe5 Bd6
23.Nc4 Bc7 24.Rf1 Qd7 25.Bf4 Bxf4 26.Rxf4 Rd8 27.Nb6 Qd6 28.Rxf6 Qxf6 29.Nxa8 Bxa8
30.h3 h6 31.d4 Rxd4 32.Rxa6 Qd8 33.Ra7 Qe8 34.Qf2 Rb4 35.Rc7 Bxe4 36.Qc5 Qe6
37.Nxe4 Rxe4 38.b4 Re1+ 39.Kh2 Re2 40.Rc8+ Kh7 41.Qc7 h5 42.Rd8 Re1 43.Qb8 Qe3
44.Rh8+ Kg6 45.Qg3+ Qxg3+ 46.Kxg3  1/2-1/2

[Event "SWE-ch"]
[Site "?"]
[Date "1979.??.??"]
[Round "?"]
[White "Olsson, Ake"]
[Black "Bergstrom, Christer"]
[Result "1/2-1/2"]
[WhiteElo "2200"]
[BlackElo "2200"]

1.e4 c5 2.Nf3 Nc6 3.Nc3 Nf6 4.Bb5 g6 5.Bxc6 dxc6 6.d3 Bg7 7.O-O O-O 8.Be3 b6
9.a4 Qc7 10.Qd2 Nh5 11.Bh6 Bg4 12.Bxg7 Nxg7 13.Ne1 e5 14.h3 Bd7 15.f4 exf4
16.Qxf4 Qxf4 17.Rxf4 f5 18.Rf2 fxe4 19.dxe4 Rxf2 20.Kxf2 Rf8+ 21.Ke3 Re8
22.Nf3 Bc8 23.Rd1 h6 24.g4 h5 25.Rd6 hxg4 26.hxg4 Bxg4 27.Rxg6 Bxf3 28.Kxf3 Re6
29.Rxe6 Nxe6 30.Ke3 Kf7 31.Ne2 Kf6 32.c4 a6 33.Nf4 Ng5 34.Nd3 Ne6 35.b4 cxb4
36.Nxb4 Nc5 37.Nxc6 Nxa4 38.Kd4 Ke6 39.Nb4 b5 40.c5  1/2-1/2

[Event "JUG-URS"]
[Site "URS"]
[Date "1979.??.??"]
[Round "?"]
[White "Giorgadze, Tamaz"]
[Black "Nemet, Ivan"]
[Result "1/2-1/2"]
[WhiteElo "2535"]
[BlackElo "2470"]

1.e4 c5 2.Nc3 Nc6 3.Nge2 e5 4.Nd5 d6 5.Nec3 Nge7 6.Bc4 Nxd5 7.Nxd5 Be7 8.O-O Be6
9.d3 O-O 10.a4 Rc8 11.f4 exf4 12.Bxf4 Bg5 13.Bg3 Ne5 14.Bxe5 dxe5 15.Kh1 Rc6
16.Qe2 g6 17.Nc3 Bc8 18.Rf2 Kg7 19.Bd5 Rf6 20.Rxf6  1/2-1/2

[Event "URS Spartakiad"]
[Site "URS"]
[Date "1979.??.??"]
[Round "?"]
[White "Lukin, Andrei M"]
[Black "Makarichev, Sergey"]
[Result "1/2-1/2"]
[WhiteElo "2460"]
[BlackElo "2500"]

1.e4 c5 2.Nc3 Nc6 3.Nf3 d6 4.d4 cxd4 5.Nxd4 Nf6 6.Bc4 Qb6 7.Nb3 e6 8.Be3 Qc7
9.O-O Be7 10.f4 a6 11.a4 d5 12.exd5 Nb4 13.Bd3 Nbxd5 14.Nxd5 Nxd5 15.Bd4 Bf6
16.Bxf6 Nxf6 17.a5 O-O 18.Qe2 Bd7 19.Qe5 Rfc8 20.c3 Bc6 21.Qxc7 Rxc7 22.Nd4  1/2-1/2

[Event "IBM"]
[Site "Amsterdam"]
[Date "1980.??.??"]
[Round "?"]
[White "Dolmatov, Sergey"]
[Black "Van der Wiel, John TH"]
[Result "1-0"]
[WhiteElo "2535"]
[BlackElo "2465"]

1.e4 c5 2.Nf3 Nc6 3.Nc3 d6 4.d4 cxd4 5.Nxd4 Nf6 6.Bg5 e6 7.Qd2 a6 8.O-O-O h6
9.Be3 Bd7 10.f3 Qc7 11.g4 Ne5 12.Bd3 b5 13.g5 hxg5 14.Bxg5 Nc4 15.Bxc4 Qxc4
16.Kb1 b4 17.Nce2 a5 18.h4 Nh5 19.Nb3 e5 20.Nbc1 Be6 21.b3 Qc6 22.Rhg1 f6
23.Be3 Rd8 24.c4 Rd7 25.Qc2 Be7 26.f4 Bf7 27.f5 Rg8 28.Rg4 Rd8 29.Rdg1 Ra8
30.Nd3 g6 31.Nb2 Rc8 32.Qd3 g5 33.hxg5 fxg5 34.Bxg5 Rxg5 35.Rxg5 Bxg5 36.Rxg5 Nf6
37.Ng3 Ke7 38.Qe3 Rh8 39.Nd3 Nh7 40.Rg7 Nf6 41.Qa7+ Qd7 42.Qxa5 Kf8 43.Rg5 Nh7
44.Rg6 Bxg6 45.fxg6 Nf6 46.Nf5 Rh1+ 47.Nc1 Rg1 48.Qa8+ Ne8 49.g7+ Kg8 50.Qd5+ Kh7
51.Qd2 Kg8 52.Qd5+ Kh7 53.Qd2 Kg8 54.Qh2 Rxg7 55.Nxg7 Kxg7 56.Qg2+ Kf8 57.Nd3 Qb7
58.Qf2+ Kg8 59.Qe1 Qh7 60.Nxb4 Nf6 61.Qg3+ Kf7 62.Qf3 Kg7 63.Kb2 Qh4 64.Nd5 Nxe4
65.Ne3 Qf4 66.Qxf4 exf4 67.Nf1 Kf6 68.a4 Ke5 69.a5 Nc5 70.b4 Nd7 71.Kc3 Ke4
72.a6 Nb6 73.b5 Na8 74.Nh2 Ke3 75.Ng4+  1-0

[Event "IBM-C"]
[Site "Amsterdam"]
[Date "1980.??.??"]
[Round "?"]
[White "Baljon, Christofoor"]
[Black "Formanek, Edward W"]
[Result "1/2-1/2"]
[WhiteElo "2340"]
[BlackElo "2400"]

1.e4 c5 2.Nc3 Nc6 3.Nge2 Nd4 4.Nxd4 cxd4 5.Ne2 e5 6.c3 dxc3 7.Nxc3 Bc5 8.Bc4 Qh4
9.Qf3 Nf6 10.Nd5 Nxd5 11.Bxd5 O-O 12.Qg3 Qxg3 13.hxg3 Rb8 14.d3 d6 15.Ke2 Be6
16.Bxe6 fxe6 17.Be3 Rbc8 18.Rac1  1/2-1/2

[Event "Gausdal Int"]
[Site "Gausdal"]
[Date "1980.??.??"]
[Round "?"]
[White "Svenn, Matti"]
[Black "Donaldson, John W"]
[Result "1/2-1/2"]
[WhiteElo "2230"]
[BlackElo "2360"]

1.e4 c5 2.Nf3 Nc6 3.Nc3 g6 4.d4 cxd4 5.Nxd4 Bg7 6.Nb3 Bxc3+ 7.bxc3 Nf6 8.Bd3 d5
9.exd5 Qxd5 10.O-O O-O 11.c4 Qd6 12.h3 b6 13.Bb2 Qf4 14.Qe2 Bb7 15.Rfe1 Rfe8
16.c5 Qg5 17.Bc1 Qh4 18.Bb2 Rad8 19.a4 Qg5 20.Bc1 Qh4 21.Bb2 Rd5 22.Bc4 Rh5
23.cxb6 axb6 24.Rad1 e5 25.Rd6 Nd4 26.Nxd4 Bxg2 27.Bxf7+ Kh8 28.Qxh5 Nxh5
29.Rxe5 Kg7 30.Nf5+ gxf5 31.Re4+ Kxf7 32.Rxh4 Bf3 33.Bc3 Rc8 34.Rd3 Be4 35.Rxh5 Bxd3
36.cxd3 Rxc3 37.Rxf5+ Kg7 38.Rb5 Rxd3 39.Rxb6 Rxh3 40.a5 Ra3 41.a6 h5 42.Rb7+ Kg6
43.Ra7 Kg5 44.Ra8 Kg4 45.Kg2 Ra2 46.a7 Kh4 47.Kf1 Ra1+ 48.Ke2 Ra2+ 49.Kf3 Kh3
50.Rh8 Ra3+ 51.Ke4 Rxa7 52.Rxh5+ Kg4 53.Rd5 Ra4+ 54.Ke3 Ra3+ 55.Ke2 Kf4 56.Rc5 Ra2+
57.Kf1  1/2-1/2

[Event "Hillerod op"]
[Site "Hillerod"]
[Date "1980.??.??"]
[Round "?"]
[White "Hansen, Torbjorn R"]
[Black "Olsen, K."]
[Result "0-1"]
[WhiteElo "2200"]
[BlackElo "2200"]

1.e4 c5 2.Nf3 Nc6 3.Nc3 e5 4.d3 d6 5.b3 Bg4 6.Be2 Nf6 7.Bb2 d5 8.exd5 Nxd5
9.Nxd5 Qxd5 10.O-O Bd6 11.Qd2 Bxf3 12.Bxf3 e4 13.Bxe4 Qh5 14.h3 Kd7 15.Bxc6+ Kxc6
16.d4 Rad8 17.d5+ Qxd5 18.Qxd5+ Kxd5 19.Rad1+ Kc6 20.Bxg7 Rhg8 21.Bb2 f5
22.Kh1 f4 23.f3 Rde8 24.Rfe1 Re3 25.Bc1 Rc3 26.Re2 Rg5 27.Red2 Rg6 28.Re2 c4
29.Bd2 Rxc2 30.bxc4 Rxa2 31.Re4 a5 32.Bxf4 Bxf4 33.Rxf4 Raxg2 34.Rf5 Kb6
35.Rb1+ Ka6 36.Ra1 b6 37.c5 b5 38.c6 Rc2 39.Rf7 Rgxc6 40.Rxh7 Rc1+ 41.Rxc1 Rxc1+
42.Kg2 a4 43.f4 a3 44.Rh6+ Ka5 45.Rh8 Kb4 46.Ra8 Kb3 47.f5 a2 48.f6 a1=Q
49.Rxa1 Rxa1 50.f7 Ra8 51.Kf3 Rf8 52.h4 Rxf7+ 53.Kg4 b4 54.h5 Ka2 55.h6 b3
56.Kg5 b2 57.Kg6 Ra7 58.h7 Rxh7  0-1

[Event "Malta ol (Women)"]
[Site "La Valetta"]
[Date "1980.??.??"]
[Round "?"]
[White "Kristol, Luba"]
[Black "Savereide, Diane"]
[Result "1-0"]
[WhiteElo "2000"]
[BlackElo "2140"]

1.e4 c5 2.Nc3 Nc6 3.Nge2 e6 4.g3 Nge7 5.Bg2 Nd4 6.d3 g6 7.O-O Bg7 8.Be3 O-O
9.Qd2 Rb8 10.Nd1 Nxe2+ 11.Qxe2 d6 12.Qd2 b5 13.d4 cxd4 14.Bxd4 Bxd4 15.Qxd4 Nc6
16.Qd2 Ne5 17.b3 Qf6 18.Rc1 Nf3+ 19.Bxf3 Qxf3 20.Qe3 Qxe3 21.Nxe3 Bb7 22.f3 f5
23.exf5 gxf5 24.f4 Be4 25.c4 b4 26.Rcd1 Rfd8 27.Rd2 Kf7 28.Nc2 Ke7 29.Kf2 d5
30.cxd5 Rxd5 31.Rxd5 Bxd5 32.Rd1 Be4 33.Ne3 Rd8 34.Rxd8 Kxd8 35.Nc4 Bb1 36.a3 a5
37.a4 Bc2 38.Nxa5 Kc7 39.Ke3 Kb6 40.Kd2 Be4 41.Nc4+ Kc5 42.Ke3 Bd5 43.Nd2 h6
44.a5 Bb7 45.Nc4 Bd5 46.a6 Bxc4 47.bxc4 Kb6 48.Kd3 Kxa6 49.Kc2 Kb6 50.Kb3 Kc5
51.h3 h5 52.h4  1-0

[Event "Malta ol (Men)"]
[Site "La Valetta"]
[Date "1980.??.??"]
[Round "?"]
[White "Johansson, Gunnar"]
[Black "Borik, Otto"]
[Result "0-1"]
[WhiteElo "2260"]
[BlackElo "2390"]

1.e4 c5 2.Nf3 Nc6 3.Nc3 d6 4.d4 cxd4 5.Nxd4 Nf6 6.f4 e6 7.Be3 Be7 8.Qf3 e5
9.Nxc6 bxc6 10.f5 Qa5 11.O-O-O Rb8 12.Bc4 O-O 13.Bb3 Bb7 14.Bd2 Qb6 15.g4 c5
16.g5 Nxe4 17.Nxe4 c4 18.f6 Bxe4 19.Qxe4 cxb3 20.axb3 gxf6 21.gxf6 Bxf6 22.Be3 Qa6
23.Rhg1+ Kh8 24.Qf5 d5 25.Kb1 Qe6 26.Rdf1 Qxf5 27.Rxf5 Bg7 28.Bc5 f6 29.Bxf8 Rxf8
30.c3 Kg8 31.Kc2 Kf7 32.Rh5 h6 33.Ra1 Kg6 34.Rh4 f5 35.Rxa7 e4 36.Rd7 Re8
37.Rxd5 Be5 38.Kd2 Kg5 39.Rh3 h5 40.Ke3 h4 41.c4 Kg4 42.Rxe5 Rxe5 43.Kd4 Kxh3  0-1

[Event "Malta ol (Men)"]
[Site "La Valetta"]
[Date "1980.??.??"]
[Round "?"]
[White "Fernandez, A."]
[Black "Saeed, Saeed Ahmed"]
[Result "1-0"]
[WhiteElo "2375"]
[BlackElo "2200"]

1.e4 c5 2.Nf3 Nc6 3.Nc3 d6 4.Bc4 Nf6 5.O-O e6 6.a3 Be7 7.d4 cxd4 8.Nxd4 O-O
9.Be3 a6 10.f3 Qc7 11.Qe2 Na5 12.Ba2 b5 13.Rad1 Bb7 14.a4 b4 15.Nb1 d5 16.exd5 Bxd5
17.Bxd5 exd5 18.Bf2 Kh8 19.Nd2 Nc6  1-0

[Event "Malta ol (Men)"]
[Site "La Valetta"]
[Date "1980.??.??"]
[Round "?"]
[White "Balashov, Yuri S"]
[Black "Herzog, Adolf"]
[Result "1-0"]
[WhiteElo "2600"]
[BlackElo "2210"]

1.e4 c5 2.Nc3 Nc6 3.Nge2 e5 4.Nd5 d6 5.Nec3 Nge7 6.Bc4 Nxd5 7.Nxd5 Be6 8.O-O a6
9.a4 Be7 10.d3 O-O 11.f4 exf4 12.Bxf4 Ne5 13.Bxe5 dxe5 14.a5 Bxd5 15.Bxd5 Qc7
16.Qg4 g6 17.h4 Kg7 18.h5 Rad8 19.c4 Rd6 20.Rf5 f6 21.Ra3 Qc8 22.Rb3 Rxd5
23.cxd5 Kf7 24.hxg6+ hxg6 25.d4 cxd4 26.Rh3 Rg8 27.Rh7+ Ke8 28.d6 Bxd6 29.Rxe5+ Kd8
30.Qxc8+ Kxc8 31.Rd5 Rd8 32.Kf1 Bc7 33.Ke2 Rxd5 34.exd5 Bxa5 35.Kd3 Bc7 36.Rh6 Be5
37.Rxg6 Kd7 38.Rg7+ Kd6 39.Rxb7 Kxd5 40.Ra7 Kc5 41.Rxa6  1-0

[Event "DSV-Turnier"]
[Site "Leipzig"]
[Date "1980.??.??"]
[Round "1"]
[White "Suetin, Alexey S"]
[Black "Petrushin, Alexander I"]
[Result "1/2-1/2"]
[WhiteElo "2500"]
[BlackElo "2390"]

1.e4 c5 2.Nc3 Nc6 3.Nge2 Nf6 4.d4 cxd4 5.Nxd4 d6 6.Bg5 Qb6 7.Nb3 e6 8.Bxf6 gxf6
9.Qh5 Bg7 10.Rd1 O-O 11.Rxd6 Rd8 12.Rxd8+ Qxd8 13.Bb5 Ne5 14.O-O a6 15.Bd3 b5
16.Qe2 Qb6 17.Kh1 b4 18.Nd1 a5 19.Ne3 a4 20.Nd2 Nxd3 21.cxd3 Ba6 22.Nec4 Qd4
23.Nf3 Qc5 24.b3 axb3 25.axb3 f5 26.h3 fxe4 27.Qxe4 Rd8  1/2-1/2

[Event "Lone Pine"]
[Site "Lone Pine"]
[Date "1980.??.??"]
[Round "5"]
[White "Ginsburg, Mark"]
[Black "Zaltsman, Vitaly F"]
[Result "1/2-1/2"]
[WhiteElo "2370"]
[BlackElo "2460"]

1.Nf3 c5 2.e4 Nc6 3.Nc3 d6 4.d4 cxd4 5.Nxd4 Nf6 6.Be3 Ng4 7.Bb5 Nxe3 8.fxe3 Bd7
9.Bxc6 bxc6 10.O-O e6 11.e5 Be7 12.exd6 Bxd6 13.Ne4 Bxh2+ 14.Kh1 Qh4 15.Nf6+ gxf6
16.Nf3 Qg3 17.Nxh2 Rg8 18.Qe2 Rg6 19.Rf3 Qe5 20.Rd1 Rd8 21.Rh3 h6 22.e4 c5
23.Rhd3 Ke7 24.Nf3 Qc7 25.c4 Rgg8 26.e5 fxe5 27.Qxe5 Qxe5 28.Nxe5 Ba4 29.Rxd8 Rxd8
30.Rxd8 Kxd8 31.Nxf7+ Ke7 32.Nxh6 Bd1 33.Kh2 Kf6 34.Kg3 Ke5 35.Nf7+ Kd4 36.Kf4 Kd3
37.g4 Kc2 38.b4 cxb4 39.c5 a5 40.c6 Be2 41.c7 Ba6 42.g5 a4 43.g6 b3 44.axb3 a3
45.g7 a2 46.g8=Q a1=Q 47.Qg6+ Kxb3 48.Qxe6+ Kc2 49.Nd6 Qf1+ 50.Ke5 Kc3 51.Ne4+ Kb4
52.Qb6+ Qb5+ 53.Qxb5+ Kxb5 54.Kd6 Bc8 55.Nf6 Kb6 56.Nd5+ Kb7 57.Ke7 Bh3 58.Kd8 Kc6
59.Nf4 Bg4 60.Ne2 Kd6 61.Nd4 Bh3 62.Nf3 Bg4 63.Ng5 Kc6 64.Nh7 Bh3 65.Nf6 Bf5
66.Ne8 Bh3  1/2-1/2

[Event "Lone Pine"]
[Site "Lone Pine"]
[Date "1980.??.??"]
[Round "8"]
[White "Torre, Eugenio"]
[Black "Ivanovic, Bozidar"]
[Result "0-1"]
[WhiteElo "2520"]
[BlackElo "2440"]

1.e4 c5 2.Nc3 Nc6 3.Nge2 Nf6 4.d4 cxd4 5.Nxd4 d6 6.Be2 e5 7.Nb3 Be6 8.f4 exf4
9.Bxf4 d5 10.exd5 Nxd5 11.Nxd5 Qxd5 12.O-O Qxd1 13.Raxd1 Rd8 14.Bb5 a6 15.Bxc6+ bxc6
16.Rxd8+ Kxd8 17.Rd1+ Kc8 18.Kf2 Be7 19.Be5 Bd5 20.g3 f6 21.Bf4 g5 22.Be3 h5
23.Rd4 f5 24.Ra4 h4 25.g4 Rf8 26.Kg1 fxg4 27.Rxg4 Bf3 28.Ra4 Be2 29.Re4 Rf1+
30.Kg2 Rf7 31.Nd2 Bd1 32.h3 Bxc2 33.Rc4 Bd3 34.Rxc6+ Kd7 35.Rc1 Rf5 36.Rd1 Be2
37.Re1 Bb5 38.Bf2 Bb4 39.Be3 Rd5 40.Ne4 Bxe1  0-1

[Event "Skien op"]
[Site "Skien"]
[Date "1980.??.??"]
[Round "3"]
[White "Rantanen, Yrjo A"]
[Black "Hatlebakk, Einar"]
[Result "1-0"]
[WhiteElo "2425"]
[BlackElo "2290"]

1.e4 c5 2.Nf3 Nc6 3.Nc3 d6 4.d4 cxd4 5.Nxd4 Nf6 6.f4 g6 7.Nb3 Bg7 8.Be2 O-O
9.Be3 Be6 10.O-O Qc8 11.Kh1 Bg4 12.Bg1 a5 13.a4 Bxe2 14.Qxe2 Qg4 15.Rae1 Qxe2
16.Rxe2 Nb4 17.Nb5 Rfc8 18.c3 Nc6 19.Rd1 Ne8 20.g3 Kf8 21.Kg2 Rcb8 22.Nd2 b6
23.Nc4 Ra6 24.e5 dxe5 25.fxe5  1-0

[Event "Stary Smokovec"]
[Site "Stary Smokovec"]
[Date "1980.??.??"]
[Round "2"]
[White "Petrik, Karol"]
[Black "Banas, Jan"]
[Result "1-0"]
[WhiteElo "2210"]
[BlackElo "2365"]

1.e4 c5 2.Ne2 Nc6 3.Nbc3 d6 4.d4 cxd4 5.Nxd4 Nf6 6.Nde2 e6 7.g3 Be7 8.Bg2 O-O
9.O-O a6 10.b3 Qc7 11.Bb2 b5 12.a3 Bb7 13.h3 Rfd8 14.Nf4 b4 15.axb4 Nxb4
16.Qe2 Rac8 17.Rfd1 Nd7 18.Rd4 a5 19.Rd2 Ba6 20.Qd1 Bf6 21.Na4 Bxb2 22.Nxb2 Nf6
23.c4 Rb8 24.Nbd3 Nc6 25.Ra3 h6 26.Kh2 Bb7 27.Qa1 Qb6 28.Rda2 Nb4 29.Nxb4 axb4
30.Ra7 Nd7 31.Nd3 Nc5 32.Nxc5 dxc5 33.Qe5 Ra8 34.Rxa8 Bxa8 35.h4 Bc6 36.g4 Rd3
37.g5 hxg5 38.hxg5 Rxb3 39.g6 Qd8 40.gxf7+ Kxf7  1-0

[Event "SWE-ch"]
[Site "?"]
[Date "1980.??.??"]
[Round "?"]
[White "Sjoberg, Mats"]
[Black "Svenn, Matti"]
[Result "1-0"]
[WhiteElo "2230"]
[BlackElo "2200"]

1.e4 c5 2.Nf3 Nc6 3.Nc3 Nf6 4.Bb5 Nd4 5.Bc4 d6 6.Nxd4 cxd4 7.Ne2 Nxe4 8.Nxd4 d5
9.Bb5+ Bd7 10.Bxd7+ Qxd7 11.d3 Nd6 12.O-O e6 13.Bf4 Be7 14.Be5 O-O 15.Qg4 g6
16.Rae1 Rac8 17.c3 Ne8 18.Re3 Bd6 19.Nf3 Ng7 20.Bf6 Nh5 21.Bd4 f5 22.Qh3 Bf4
23.Re2 b5 24.Rfe1 Rfe8 25.Ne5 Bxe5 26.Bxe5 a5 27.Qh4 Rc6 28.Qd4 Qe7 29.h3 b4
30.c4 dxc4 31.dxc4 Rd8 32.Qe3 Rxc4 33.Qb6 Rd5 34.b3 Rc8 35.g4 fxg4 36.hxg4 Ng7
37.Bxg7 Kxg7 38.Rxe6 Qc5 39.Re7+ Kh6 40.Qf6  1-0

[Event "Wroclaw-A"]
[Site "Wroclaw"]
[Date "1980.??.??"]
[Round "8"]
[White "Tonchev, Miroslav"]
[Black "Skrobek, Ryszard"]
[Result "1-0"]
[WhiteElo "2460"]
[BlackElo "2350"]

1.e4 c5 2.Ne2 Nc6 3.Nbc3 g6 4.d4 cxd4 5.Nxd4 Bg7 6.Nde2 Nf6 7.g3 b6 8.Bg2 Bb7
9.O-O O-O 10.Nd5 Nxd5 11.exd5 Ne5 12.Rb1 Rc8 13.b3 b5 14.Bb2 Qb6 15.Bd4 Qa6
16.h3 d6 17.c3 Rc7 18.Ra1 Qa3 19.Qd2 a5 20.Rac1 Nd7 21.Bxg7 Kxg7 22.Nd4 Qc5
23.c4 b4 24.Rce1 Nf6 25.Re2 Bc8 26.Rfe1 Ng8 27.Qb2 f6 28.Kh2 Kf7 29.Qd2 Bd7
30.g4 Ra7 31.f4 a4 32.f5 g5 33.h4 gxh4 34.g5 Ke8 35.g6 hxg6 36.fxg6 Kd8 37.Re4 Ra8
38.g7 Rf7 39.Bh3 axb3 40.axb3 f5 41.Rxh4 Rxg7 42.Bxf5 Bxf5 43.Nxf5 Rf7 44.Nd4 Kc7
45.Rg1 Nf6 46.Ne6+ Kc8 47.Rh8+ Kb7 48.Rxa8 Rh7+ 49.Kg2 Rg7+ 50.Kf3 Rxg1 51.Qa2 Qb6
52.Qa4 Rf1+ 53.Ke2 Rf2+ 54.Ke1 Rc2 55.Rf8  1-0

[Event "Zamardi op"]
[Site "Zamardi"]
[Date "1980.??.??"]
[Round "?"]
[White "Schrancz, Istvan"]
[Black "Lanc, Alois"]
[Result "0-1"]
[WhiteElo "2315"]
[BlackElo "2380"]

1.e4 c5 2.Nf3 Nc6 3.Nc3 e5 4.Bc4 d6 5.d3 h6 6.O-O Nf6 7.Ne1 Be7 8.Nd5 Nxd5
9.Bxd5 Bf6 10.c3 Ne7 11.Bb3 Bd7 12.f4 Ng6 13.Qh5 Qe7 14.f5 Nf8 15.Nc2 Bc6
16.Ne3 Nd7 17.a4 Bg5 18.Nc4 Bxc1 19.Raxc1 Nf6 20.Qe2 b6 21.Ne3 Qd7 22.Ra1 O-O
23.Ng4 Qe7 24.Nxf6+ Qxf6 25.Rf3 Rfe8 26.Bd5 Bxd5 27.exd5 a6 28.Qe4 b5 29.Re1 Kf8
30.Rf2 Re7 31.g3 Rc7 32.Ra1 Rcc8 33.b3 bxa4 34.Qxa4 e4 35.dxe4 Qxc3 36.Raf1 Qf6
37.Qc4 Rcb8 38.Ra2 Rb4 39.Qd3 Rab8 40.Qxa6 Rxe4 41.Qc6 Kg8 42.Rd1 Kh7 43.Ra6 Rd8
44.Ra7 Re2 45.Qa4 Qb2 46.Qh4 Rde8 47.g4 Rg2+  0-1

[Event "Amsterdam"]
[Site "Amsterdam"]
[Date "1981.??.??"]
[Round "?"]
[White "Timman, Jan H"]
[Black "Polugaevsky, Lev"]
[Result "1-0"]
[WhiteElo "2620"]
[BlackElo "2620"]

1.e4 c5 2.Nc3 Nc6 3.Nf3 e6 4.g3 Nf6 5.Bg2 d6 6.O-O Be7 7.d3 O-O 8.Bf4 Bd7
9.h3 Nd4 10.Nxd4 cxd4 11.Ne2 e5 12.Bd2 Rc8 13.c3 dxc3 14.Bxc3 Bc6 15.f4 Qb6+
16.Kh2 Nd7 17.Qd2 Bf6 18.g4 Nc5 19.g5 Be7 20.Ng3 Qd8 21.h4 exf4 22.Nf5 f6
23.Nxe7+ Qxe7 24.gxf6 Rxf6 25.Bxf6 Qxf6 26.Rxf4 Qd4 27.Rd1 Ne6 28.Rf5 g6
29.Rf2 d5 30.exd5 Bxd5 31.Bxd5 Qxd5 32.Qe3 Ng7 33.d4 Nf5 34.Qe5 Qd7 35.Qf4 Re8
36.Rc1 Re7 37.Rc5 Rf7 38.Qe5 Qd8 39.Rf4 b6 40.Rc6 Rd7 41.Qe6+ Kg7 42.Qe5+ Kg8
43.Rg4 Ng7 44.Re4 Nf5 45.Re6 Kf7 46.Rf6+ Qxf6 47.Qe8+ Kg7 48.Qxd7+ Kh6 49.Qe6 Qd8
50.d5 Qc7+ 51.Qe5 Qc2+ 52.Re2 Qc4 53.Qe4 Qc7+ 54.Kg1 Qc1+ 55.Kg2 Qd1 56.Rf2 Kg7
57.Qe5+ Kg8 58.Kh2 Qd3 59.d6  1-0

[Event "AUT-ch"]
[Site "AUT"]
[Date "1981.??.??"]
[Round "2"]
[White "Herzog, Adolf"]
[Black "Singer, Hans"]
[Result "1-0"]
[WhiteElo "2355"]
[BlackElo "2200"]

1.e4 c5 2.Nc3 Nc6 3.Nge2 Nf6 4.d4 cxd4 5.Nxd4 d6 6.Bc4 Bd7 7.O-O g6 8.Bg5 Bg7
9.Nxc6 bxc6 10.Qd2 O-O 11.Rad1 Bg4 12.Rde1 Nd7 13.Bh6 Qb6 14.Bxg7 Kxg7 15.Na4 Qc7
16.f4 Nb6 17.Qc3+ Kg8 18.Nxb6 Qxb6+ 19.Kh1 Be6 20.Bxe6 fxe6 21.b3 a5 22.f5 gxf5
23.exf5 e5 24.Re4 Rf7 25.Rc4 Qb5 26.a4 Qa6 27.Rf3 c5 28.h3 Raf8 29.Qd3 Qa8
30.Rg4+ Kh8 31.Rg5 Rf6 32.Rfg3 R6f7 33.Qc4 Qc8 34.Qg4 Qe8 35.Rg7 d5 36.Qg5 Qc8
37.Kh2 e4 38.Rxf7 Rxf7 39.f6 exf6 40.Qxd5 Re7 41.Qd6 Qe6 42.Qxe6 Rxe6 43.Re3 f5
44.Kg3 Kg7 45.Kf4 Rf6 46.Ke5 h5 47.Kf4 Kg6 48.Rg3+ Kh6 49.Rc3 h4 50.Rxc5 Rg6
51.Rxa5 Rxg2 52.Rxf5 Rxc2 53.Kxe4 Re2+ 54.Kf3  1-0

[Event "SVK-ch"]
[Site "Bardejov"]
[Date "1981.??.??"]
[Round "4"]
[White "Priehoda, Vitezslav"]
[Black "Hrivnak, Vladimir"]
[Result "1-0"]
[WhiteElo "2170"]
[BlackElo "2225"]

1.e4 c5 2.Nf3 Nc6 3.Nc3 Nf6 4.Bb5 Nd4 5.e5 Nxb5 6.Nxb5 a6 7.Nc3 Ng4 8.h3 Nh6
9.d4 cxd4 10.Qxd4 Nf5 11.Qd3 e6 12.Bg5 f6 13.exf6 gxf6 14.g4 fxg5 15.gxf5 Qf6
16.O-O-O Bg7 17.fxe6 dxe6 18.h4 h6 19.hxg5 hxg5 20.Rxh8+ Bxh8 21.Qh7 Bg7
22.Qh5+ Ke7 23.Nxg5 Bd7 24.Re1 Qf4+ 25.Kb1 Bxc3 26.bxc3 Qf5 27.Qh4 Kd6 28.Rd1+ Kc7
29.Qc4+ Bc6 30.Nxe6+ Kb8 31.Rd8+ Ka7 32.Qd4+ b6 33.Rd7+  1-0

[Event "SVK-ch"]
[Site "Bardejov"]
[Date "1981.??.??"]
[Round "11"]
[White "Petrik, Karol"]
[Black "Salai, Ladislav"]
[Result "1-0"]
[WhiteElo "2215"]
[BlackElo "2070"]

1.e4 c5 2.Nc3 Nc6 3.Nge2 Nf6 4.g3 d5 5.exd5 Nd4 6.Bg2 Bg4 7.O-O Nf3+ 8.Kh1 h5
9.Nf4 Nxh2 10.f3 Nxf1 11.Qxf1 Bf5 12.Qc4 Qd7 13.d4 cxd4 14.Qxd4 e6 15.Be3 Be7
16.Bf1 O-O 17.dxe6 Bxe6 18.Re1 Rfd8 19.Qe5 Bd6 20.Qg5 Bxf4 21.Bxf4 Nd5 22.Ne4 f6
23.Qxh5 Nxf4 24.gxf4 Qf7 25.Qh4 Rd5 26.Ng3 g5 27.fxg5 Rxg5 28.Rxe6 Kg7 29.Qe4 Rxg3
30.Kh2 Rg5 31.Re7 Rh8+ 32.Bh3 f5 33.Qe5+  1-0

[Event "Biel"]
[Site "Biel"]
[Date "1981.??.??"]
[Round "?"]
[White "Franzoni, Giancarlo"]
[Black "Kurajica, Bojan"]
[Result "1/2-1/2"]
[WhiteElo "2295"]
[BlackElo "2500"]

1.e4 c5 2.Ne2 Nc6 3.Nbc3 d6 4.d4 cxd4 5.Nxd4 e6 6.Be2 Nf6 7.O-O Be7 8.Kh1 O-O
9.f4 Qc7 10.Be3 Nxd4 11.Bxd4 e5 12.Be3 exf4 13.Bxf4 Be6 14.Qe1 Nd7 15.Qg3 Ne5
16.Rad1 Rac8 17.Rd2 Qb6 18.Nb5 Ng6 19.Bxd6 Bxd6 20.Nxd6 Rc6 21.Qa3 a6 22.Nf5 Re8
23.Nd4 Rd6 24.Rfd1 Bc8 25.Nf3 Rxd2 26.Nxd2 Be6 27.Bc4 Rd8 28.Bd3 Ne5 29.h3 Nxd3
30.cxd3 Qe3 31.Nf1 Qe2 32.Qa5 Rd4 33.Qd2 Qxd2 34.Rxd2 Bxa2 35.Ne3 Bb1 36.Nc2 Bxc2
37.Rxc2 g6 38.Rd2 Kg7 39.Kg1 Kf6 40.Kf2 Ke5 41.Ke3 f5 42.exf5 gxf5 43.Re2 Rd7
44.Kd2+ Kd4 45.g4 fxg4 46.Re4+ Kd5 47.Rxg4 Rf7 48.Rh4 Rc7 49.Rh5+  1/2-1/2

[Event "Elekes mem-B"]
[Site "Budapest"]
[Date "1981.??.??"]
[Round "?"]
[White "Liangov, Peter"]
[Black "Rovid, Kalman"]
[Result "1/2-1/2"]
[WhiteElo "2330"]
[BlackElo "2200"]

1.e4 c5 2.Nf3 Nc6 3.Nc3 g6 4.g3 Bg7 5.Bg2 Nf6 6.d3 O-O 7.O-O d5 8.Bd2 e6
9.Qc1 Nd4 10.Bg5 Qa5 11.Kh1 dxe4 12.dxe4 Ng4 13.Ne1 h6 14.Bd2 Kh7 15.f4 Qa6
16.h3 Nf6 17.Nf3 b5 18.e5 Nh5 19.Ne4 Ne2 20.Qe1 b4 21.Ng1 Nd4 22.g4 Nxc2
23.Qh4 Bb7 24.gxh5 Nxa1 25.Rxa1 Rad8  1/2-1/2

[Event "Budva zt"]
[Site "Budva"]
[Date "1981.??.??"]
[Round "3"]
[White "Ivanovic, Bozidar"]
[Black "Avgousti, Petrakis"]
[Result "1-0"]
[WhiteElo "2550"]
[BlackElo "2200"]

1.e4 c5 2.Nf3 Nc6 3.Nc3 d6 4.d4 cxd4 5.Nxd4 e5 6.Nf5 Bxf5 7.exf5 Nf6 8.Bc4 Be7
9.Be3 a6 10.O-O O-O 11.Bb3 b5 12.Qf3 Rc8 13.Rad1 Na5 14.Bg5 Qc7 15.Bxf6 gxf6
16.Qh5 Nc4 17.Rd3  1-0

[Event "Budva zt"]
[Site "Budva"]
[Date "1981.??.??"]
[Round "12"]
[White "Ivanovic, Bozidar"]
[Black "Trikaliotis, Georgios"]
[Result "0-1"]
[WhiteElo "2550"]
[BlackElo "2345"]

1.e4 c5 2.Nf3 Nc6 3.Nc3 d6 4.d4 cxd4 5.Nxd4 Nf6 6.Bg5 e6 7.Qd2 Be7 8.O-O-O a6
9.f4 Qc7 10.Be2 Bd7 11.Nb3 O-O-O 12.Rhf1 Kb8 13.Kb1 Bc8 14.Qe1 h6 15.Bh4 Nd7
16.Bf2 Nc5 17.Bf3 b6 18.Qe3 Bb7 19.Rfe1 Rhe8 20.h4 b5 21.h5 b4 22.Nxc5 dxc5
23.Ne2 f6 24.a3 a5 25.Bg4 e5 26.axb4 axb4 27.Be6 Nd4 28.Nxd4 cxd4 29.Qb3 Rd6
30.Bd5 Ra6 31.Bxb7 Qxb7 32.Qd5 Qa7 33.Qb5+ Kc7 34.Kc1 Rc6 35.Kd2 b3 36.Qxb3 Rb8
37.Ra1 Qc5 38.Qa4 Qb4+ 39.Ke2 Qxa4 40.Rxa4 Rxc2+ 41.Kf1 Rbxb2 42.Bg1 Bc5
43.Ra5 Kc6 44.fxe5 fxe5 45.Ra8 Rxg2 46.Rc8+ Kb5 47.Ra1 Rg4 48.Rb8+ Bb6 49.Rf8 Rxe4
50.Bf2 Rf4 51.Rxf4 exf4 52.Be1 Rh2 53.Bf2 Rxh5 54.Kg2 f3+ 55.Kxf3 Rf5+ 56.Kg2 Bc5
57.Rb1+ Kc4 58.Rb7 d3 59.Be1 Re5 60.Ba5 Re7 61.Rb1 Ra7 62.Be1 Ra2+ 63.Kf3 d2  0-1

[Event "Caorle op"]
[Site "Caorle"]
[Date "1981.??.??"]
[Round "3"]
[White "Klinth, Jorgen"]
[Black "Mengarini, Ariel"]
[Result "0-1"]
[WhiteElo "2200"]
[BlackElo "2225"]

1.e4 c5 2.Nf3 Nc6 3.Nc3 d6 4.d4 cxd4 5.Nxd4 Bd7 6.Be2 a6 7.a4 e6 8.O-O Qc7
9.Be3 Be7 10.Kh1 Na5 11.Qd3 Rc8 12.f4 Nf6 13.f5 Nc4 14.Bc1 O-O 15.Qg3 Kh8
16.Bd3 Qb6 17.Nb3 exf5 18.exf5 d5 19.Qf2 Qb4 20.Qd4 Bc6 21.a5 Rfe8 22.Na2 Qd6
23.Bf4 Qd8 24.c3 Nxb2 25.Nb4 Bxb4 26.cxb4 Nxd3 27.Qxd3 Bb5  0-1